[Event "Baku op"]
[Site "Baku"]
[Date "2019.09.20"]
[Round "1"]
[White "Karimli, Aytaj"]
[Black "Muradli, Mahammad"]
[Result "0-1"]
[WhiteElo "1455"]
[BlackElo "2455"]
[PlyCount "62"]
[EventDate "2019.09.20"]
[EventType "swiss"]
[EventRounds "9"]
[EventCountry "AZE"]
[SourceTitle "EXT 2020"]
[Source "ChessBase"]
[SourceDate "2019.10.17"]
[SourceVersion "1"]
[SourceVersionDate "2019.10.17"]
[SourceQuality "1"]

1. e4 c5 2. b3 Nc6 3. Bb5 Nd4 4. Be2 g6 5. Bb2 Bg7 6. c3 Nxe2 7. Nxe2 b6 8. d4 Bb7 9. f3 Nf6 10. c4 cxd4 11. Bxd4 0-0 12. 0-0 d6 13. Nbc3 Rc8 14. Qd2 a6 15. Rac1 Bc6 16. Rfd1 b5 17. cxb5 axb5 18. Ng3 b4 19. Nce2 Qa5 20. a4 Bd7 21. Qe3 h5 22. Bb6 Qa6 23. a5 h4 24. Nf1 Bb5 25. Nd4 Nd7 26. Nxb5 Qxb5 27. Nd2 Rc3 28. Rxc3 bxc3 29. Nc4 Qxb3 30. Qd3 Rc8 31. Nd2 Qxd1+ 0-1

[Event "World School-ch U13 Girls"]
[Site "Antalya"]
[Date "2019.04.20"]
[Round "3"]
[White "Alen, Aisha"]
[Black "Karimli, Aytaj"]
[Result "1-0"]
[WhiteElo "1814"]
[BlackElo "1340"]
[PlyCount "93"]
[EventDate "2019.04.18"]
[EventType "swiss"]
[EventRounds "9"]
[EventCountry "TUR"]
[SourceTitle "CBM 190 Extra"]
[Source "ChessBase"]
[SourceDate "2019.07.15"]
[SourceVersion "1"]
[SourceVersionDate "2019.07.15"]
[SourceQuality "1"]

1. e4 e5 2. Bc4 Nc6 3. d3 Nf6 4. Nf3 Bc5 5. c3 0-0 6. Nbd2 d5 7. exd5 Nxd5 8. Ne4 Be7 9. 0-0 h6 10. d4 exd4 11. Nxd4 Ne5 12. Be2 f5 13. f4 fxe4 14. fxe5 c5 15. Nb5 Rxf1+ 16. Bxf1 Be6 17. Nd6 Bxd6 18. exd6 Qf6 19. Bc4 Rf8 20. Bxh6 Nb6 21. Bxe6+ Qxe6 22. Be3 Qe5 23. g3 Rd8 24. Bf4 Qe6 25. Qh5 Na4 26. Be5 Rd7 27. b3 Nb2 28. Re1 Nd3 29. Rxe4 Rxd6 30. Qe2 Nxe5 31. Rxe5 Qh6 32. Re8+ Kh7 33. Qc2+ Rg6 34. Re6 Qg5 35. Rxg6 Qxg6 36. Qxg6+ Kxg6 37. Kf2 Kf6 38. Kf3 Kf5 39. g4+ Kg5 40. Kg3 b5 41. h4+ Kg6 42. Kf4 Kf6 43. h5 b4 44. c4 Ke6 45. g5 Ke7 46. Ke5 Kf7 47. Kd5 1-0